000
00295nam a2200121 a 4500
008
101022s1966|||| d
245
1
0
_a
Moderný snár
100
1
_a
Konwicki, Tadeusz
041
_a
slo
260
_b
Slovenský spisovateľ
_a
Bratislava
_c
1966
020
_c
19,50
044
_a
xo
_c
SK
999
_c
12050
_d
12050